Normal view
MARC view
- Pakistan
Entry Geographic Name
001 - CONTROL NUMBER
- control field: 3727
003 - CONTROL NUMBER IDENTIFIER
- control field: NUST
005 - DATE AND TIME OF LATEST TRANSACTION
- control field: 20170803110404.0
008 - FIXED-LENGTH DATA ELEMENTS
- fixed length control field: 170803|| aca||aabn | a|a d
040 ## - CATALOGING SOURCE
- Original cataloging agency: NUST
- Transcribing agency: NUST
151 ## - HEADING--GEOGRAPHIC NAME
- Geographic name: Pakistan
- General subdivision: Social conditions
- Chronological subdivision: 21st century.
670 ## - SOURCE DATA FOUND
- Source citation: Work cat.: (NUST)0: Lieven, Anatol. 3726, Pakistan :, 2011.
